00571nam a2200193Ia 450000500170000000800410001702000180005804000190007604100120009508200160010710000230012324500540014626000480020030000100024850400190025865000190027765100710029685000100036720220713112224.0131103s9999 xx 000 0 und d a0 09 063002 5 aLoreto College aEnglish a307.72bCHI aChisholm , Michael aRural settlement and land usecMichael Chisholm  aLondonbHutchinson University Libraryc1968 a183p  aReprinted 1973 aCommunities -  aCommunities - Specific kinds of communities - Rural communities -  aLCLIB